Die Ordensburg Osterode Ostpr.
| Titel: | Die Ordensburg Osterode Ostpr. |
|---|---|
| Verfasser: | |
| In: |
Osteroder Zeitung, Heft 98 (2002), Seite 43-47, 2 Abb. alle Artikel anzeigen |
| Veröffentlicht: | 2002 |
| Format: | Aufsatz |
| Sprache: | Deutsch |
X
alg: 39166844 001A $01999:11-11-16 001B $01999:15-05-21 $t21:01:43.000 001D $01999:11-11-16 001U $0utf8 001X $00 002@ $0Aox 003@ $0391668447 007A $0391668447 $aHEB 007T $0Herd46952 010@ $ager 011@ $a2002 021A $aDie @Ordensburg Osterode Ostpr. 028A $aWestphal $dWalter 031A $e98 $h43-47, 2 Abb. $j2002 039B $aIn $8--Abvc--. Osteroder Zeitung. - Osterode, 1954-. - ISSN 0030-638X $x200200000000098957 $9048244783 045F $a307.094382 $eDDC23BSB 045F/01 $a307.09 045F/03 $g4382 045F/03 $g43832 lok: 39166844 78 exp: 39166844 78 1 #EPN 201B/01 $020-11-25 $t12:28:35.000 201U/01 $0utf8 203@/01 $078776308X 208@/01 $a11-11-16 $be 209A/01 $a/ $f000 $x00 220C/01 $aTitelaufnehmer: jk 244Z/01 $2Trx $#Prusy Wschodnie i Zachodnie $8--Trx--Ost- und Westpreußen $x01 $939113373X 244Z/01 $75086170-0 $8--Tg1--Ostróda $x02 $9044988486 244Z/01 $aGeschichte 1333-1525 $x03 244Z/01 $2Trx $#kindlus $#pilys $#Castles $#várak $#grody $#hrady $#hrady $#Motten $8--Trx--Burgen $x04 $9391356380 244Z/01 $2Trx $#ordud Saksa Ordu $#ordinas kryžiuočių $#order Teutonic Knights $#rendek Német Lovagrend $#zakony, krzyżacy $#rád, nemeckí rytieri $#řád, němečtí rytíři $#Deutscher Orden $#Ritterorden $#zakon krzyżacki $#zakon niemiecki $#nemeckí rytieri $8--Trx--Orden$gDeutscher Orden $x05 $9391363204 244Z/01 $2Trx $8--Trx--Zeitschriftenaufsatz $x06 $9391384341 245Z/01 $a13.03 $x01 245Z/01 $a11.11 $x02 247C/01 $82080>Marburg/Lahn, Herder-Institut, Forschungsbibliothek, Bibliographieportal $9336309341
| LEADER | 00000caa a22000002c 4500 | ||
|---|---|---|---|
| 001 | 391668447 | ||
| 003 | DE-603 | ||
| 005 | 20210515210143.0 | ||
| 007 | tu | ||
| 008 | 161111s2002 xx |||| | u00||u|ger c | ||
| 035 | |a (DE-599)HEB391668447 | ||
| 040 | |a DE-603 |b ger |c DE-603 |d DE-603 | ||
| 041 | |a ger | ||
| 082 | 0 | 4 | |8 1\u |a 307.094382 |q DE-101 |2 23/BSB |
| 085 | |8 1\u |b 307.09 | ||
| 085 | |8 1\u |z 2 |s 4382 | ||
| 085 | |8 1\u |z 2 |s 43832 | ||
| 100 | 1 | |a Westphal, Walter | |
| 245 | 0 | 0 | |a Die Ordensburg Osterode Ostpr. |
| 264 | 0 | |c 2002 | |
| 773 | 0 | 8 | |i In |t Osteroder Zeitung |d Osterode, 1954- |x 0030-638X |g Heft 98 (2002), Seite 43-47, 2 Abb. |w (DE-603)048244783 |w (DE-600)958693-3 |
| 924 | 0 | |9 2080 |a (DE-603)78776308X |b DE-2080 |c HES |d d |g / | |


